000 01017nam a2200253 a 4500
001 80549
003 BD-RjUL
005 20230710141349.0
008 221017s2012 bg a|||| m||| 00| 0 eng d
035 _a(BD-RjUL)80549
040 _aBD-RjUL
_beng
_cBD-RjUL
_dBD-RjUL
041 _aeng
082 _223
_a660.6
_bTAB 2012
100 _aTalukdar, Muhammad Waliullah
_95295
245 1 0 _aBIOLOGICAL ACTIVITIES OF CLERODENDRUM VISCOSUM VENT. (VERBENACEAE) /
_cBy Muhammad Waliullah Talukdar ;
_6Supervisions : Md. Wahedul Islam & Parvez Hassan.
260 _aRajshahi :
_bInstitute of Biological Sciences, University of Rajshahi
_c2012
300 _a[4], v, [15], 190 leaves :
_bill.;
_c29 cm.
502 _aThesis(Ph.D.)-- Institute of Biological Sciences,University of Rajshahi,2012
504 _aReferences : Leaves 169-190
650 _aBiological Systems
_xChemical technologies
_95296
700 _aIslam, Md. Wahedul, Supervisions
_95297
700 _aHassan, Parvez, Supervisions
_95298
942 _2ddc
_cTHE
999 _c80549
_d80549